00396nam a2200133Ia 45000010005000000080041000050820022000461000077000682450045001452600024001905900007002149010026002219990015002471255241024s9999 xx 000 0 und d aRD/350.3387/C172g aRepública Dominicana. Cámara de Cuentas de la República Dominicana 0aGuía para el Sujeto de fiscalización bSanto Domingoc2010 asi a4/3/2011 8:40:28 a.m. c9499d9499